| 000 | 00707nam a2200253 a 4500 | ||
|---|---|---|---|
| 003 | AR-BaBNM | ||
| 005 | 20251128204847.0 | ||
| 008 | 082120s2002 ||||||||||||||000 | spa|| | ||
| 020 | _a950-25-0095-4 | ||
| 040 | _cAR-BaBNM | ||
| 100 | 1 | _aGarcía Molina, Fernando | |
| 245 | 0 | 0 | _aEl general Uriburu y el petróleo |
| 260 |
_aBuenos Aires _bCentro Editor de América Latina _c1985 |
||
| 300 |
_a156 p. _btablas |
||
| 490 | 0 |
_aBiblioteca política argentina _vv. 96 |
|
| 600 | 0 | 4 |
_aUriburu. José Félix _d1930-1932 |
| 650 | 4 | _aHISTORIA ARGENTINA | |
| 650 | 4 | _aPOLITICA | |
| 650 | 4 | _aPETROLEO | |
| 700 | 1 | _aMayo, Carlos A. | |
| 800 | 1 |
_aTroncoso, Oscar _edirector |
|
| 942 | _cBK | ||
| 998 | _cEnrique | ||
| 999 |
_c9080 _d9080 |
||